000 00516 a2200205 4500
001 108593
020 _a9788526264625
041 _apor
090 _aP Year 6 028
100 _aDoyle, Arthur Conan.
250 _a. ed.
490 _aSérie Reencontro literatura
697 _aFicção
830 _aSérie Reencontro literatura
856 _u00001a/00001af1.jpg
040 _aBR-BrIDEA
_cBR-BrIDEA
245 1 0 _aO signo dos quatro
_c Arthur Conan Doyle
260 _a[S.l.]
_bScipione
_c2006
942 _cBK
999 _c108593
_d108593